000 00365nam a2200157Ia 4500
008 230524s9999 xx 000 0 und d
082 _a6.6
_bBAL
100 _aG.S.Baluja
245 0 _aComputer Graphics
250 _a1
260 _aNew Delhi
_bDhanpati Rai
_c2012
300 _a"X,13.18p;"
500 _aQuantity Number: 2
650 _aComp-Sc
942 _cBK
999 _c56377
_d56377